It looks like you're offline.
Open Library logo
additional options menu

MARC record from Internet Archive

LEADER: 00976cam 2200289 a 4500
001 0116403956653
005 19981022141231.8
008 980507s1998 caua b 001 0 eng
010 $a 98019776
020 $a0761908617 (pbk.) ;$z0761908609 (acid-free paper)
020 $c32.00
035 $a(Sirsi) ACR-3386
035 00 $aADM A98-4016$fcc$iLCMARC/AWO-8389/BLCAT1
040 $aOPET$beng
046 $aDLC$cDLC$dDLC
050 00 $aHD30.3$b.P68 1998
082 00 $a302.3/5$221
090 $aHD 30.3 .P68 1998$bb
245 00 $aPower and influence in organizations /$cRoderick M. Kramer, Margaret A. Neale, editors.
260 $aThousand Oaks, CA. :$bSage Publications,$cc1998.
300 $ax, 398 p. :$bill. ;$c24 cm.
504 $aIncludes bibliographical references and index.
518 $a99 04 28
650 0 $aCommunication in management.
650 0 $aCommunication in organizations.
700 1 $aKramer, Roderick Moreland,$d1950-
700 1 $aNeale, Margaret Ann.